| 000 | 00685 a2200229 4500 | ||
|---|---|---|---|
| 001 | 200420549 | ||
| 999 |
_c200420549 _d22327 |
||
| 003 | TR-AnTOB | ||
| 005 | 20190322123318.0 | ||
| 008 | 160507d19799999gw qn0p 0 1 d | ||
| 022 | _a1010-9285 | ||
| 040 |
_aTR-AnTOB _beng |
||
| 041 | _ager | ||
| 099 | _aJOURNAL - INTE | ||
| 245 | 0 | 0 |
_aInternational : _bDie Zeitschrift für internationale politik / _cArbeitsgemeinschaft für internationale Publizistik. |
| 264 | 1 |
_aWien : _bArbeitsgemeinschaft für internationale Publizistik, _c1979 - |
|
| 300 |
_avolumes : _c28 cm. |
||
| 336 |
_atext _2rdacontent |
||
| 337 |
_aunmediated _2rdamedia |
||
| 338 |
_avolume _2rdacarrier |
||
| 942 | _cCR | ||